|
|
|
|
| LEADER |
01162nam a2200277 a 4500 |
| 001 |
4924317 |
| 008 |
130804s1995 caua b 000 0 eng d |
| 010 |
|
|
|a 95012712
|
| 020 |
|
|
|a 0803959346 (pbk. : v. 1 : alk. paper)
|
| 020 |
|
|
|a 0803973888 (set)
|
| 040 |
|
|
|a DLC
|c DLC
|d DLC
|d BD-DhAAL.
|
| 082 |
0 |
0 |
|a 300/.723
|2 20
|
| 100 |
1 |
|
|a Fink, Arlene
|
| 245 |
1 |
4 |
|a The survey kit :
|b how to analyze survey data /
|c Arlene Fink
|
| 260 |
|
|
|a Thousand Oaks, Calif. :
|b Sage Publications,
|c c1995.
|
| 300 |
|
|
|a viii, 101 p. :
|b ill. ;
|c 24 cm.
|
| 490 |
0 |
|
|a The survey kit
|
| 504 |
|
|
|a Includes bibliographical references (p. 87-88)
|
| 541 |
|
|
|e 00027357
|
| 650 |
|
0 |
|a Social surveys.
|
| 650 |
|
0 |
|a Health surveys.
|
| 700 |
1 |
|
|a Fink, Arlene.
|
| 852 |
1 |
|
|a Ayesha Abed Library
|j General shelf.
|
| 999 |
|
|
|c 13821
|d 13821
|
| 952 |
|
|
|0 0
|1 0
|4 0
|6 300_723000000000000_FIN
|7 0
|9 23124
|a IGS
|b IGS
|c GEN
|d 2013-08-05
|e Trim Education
|g 2875.00
|l 0
|o 300.723 FIN
|p 3010027357
|r 2013-08-05
|t 1
|w 0000-00-00
|y BK
|x Available
|
| 952 |
|
|
|0 0
|1 0
|4 0
|6 300_723000000000000_FIN
|7 0
|9 23125
|a IGS
|b IGS
|c GEN
|d 2013-08-05
|e Trim Education
|g 2875.00
|l 0
|o 300.723 FIN
|p 3010027358
|r 2013-08-05
|t 2
|w 0000-00-00
|y BK
|x Available
|